000 00941nam a22002177a 4500
005 20251108170934.0
008 250721s1997 xx 000 0 ara d
082 1 4 _a324.9565/حلق
111 2 _aحلقة نقاش المرأة و الأحزاب السياسية في الإنتخابات النيابية لعام 1997 (1997 : عمان)
245 1 0 _aالمرأة و الأحزاب السياسية في الإنتخابات النيابية لعام 1997 :
_bحلقة نقاش /
264 1 _aعمان :
_bمركز الريادة للمعلومات و الدراسات،
_c1997.
300 _a87ص.
490 0 _aسلسة المجتمع المدني و النظام البرلماني ؛5
650 1 7 _aالإنتخابات النيابية
650 1 7 _aالمجالس النيابية
650 1 7 _aالأردن
650 1 7 _aالمرأة
650 1 7 _aالأحزاب السياسية
942 _2ddc
_cBK
999 _c52583
_d52583